[Event "Wch U16 Girls"]
[Site "Montesilvano"]
[Date "2023.11.24"]
[Round "11"]
[White "Hubert, Charlotte"]
[Black "Kaldarova, Ayaulym"]
[Result "0-1"]
[WhiteElo "1881"]
[BlackElo "2005"]
[PlyCount "68"]
[EventDate "2023.11.13"]
[EventType "swiss"]
[EventRounds "11"]
[EventCountry "ITA"]
[SourceTitle "CB48_2023"]
[SourceDate "2023.11.29"]
[SourceVersion "1"]
[SourceVersionDate "2023.11.29"]
[SourceQuality "1"]

1. e4 e6 2. d4 d5 3. e5 c5 4. c3 Nc6 5. Nf3 Bd7 6. Be2 Nge7 7. Na3 cxd4 8. cxd4 Nf5 9. Nc2 Qb6 10. 0-0 Rc8 11. Rb1 Be7 12. Kh1 Na5 13. g4 Nh4 14. Nxh4 Bxh4 15. f4 Be7 16. f5 Bb5 17. Bd3 Qa6 18. Ne1 Nc6 19. Bxb5 Qxb5 20. Nf3 Nb4 21. Bg5 Qd3 22. Qa4+ Nc6 23. Bxe7 Kxe7 24. fxe6 fxe6 25. b3 Rcf8 26. Qa3+ Ke8 27. Rbd1 Qe4 28. b4 Rf7 29. b5 Nd8 30. Qd3 Rhf8 31. Qxe4 dxe4 32. Nd2 e3 33. Rxf7 Rxf7 34. Ne4 e2 0-1

[Event "Wch U16 Girls"]
[Site "Montesilvano"]
[Date "2023.11.21"]
[Round "8"]
[White "Hubert, Charlotte"]
[Black "Ismayil, Seljan"]
[Result "1-0"]
[WhiteElo "1881"]
[BlackElo "1384"]
[PlyCount "93"]
[EventDate "2023.11.13"]
[EventType "swiss"]
[EventRounds "11"]
[EventCountry "ITA"]
[SourceTitle "CB48_2023"]
[SourceDate "2023.11.29"]
[SourceVersion "1"]
[SourceVersionDate "2023.11.29"]
[SourceQuality "1"]

1. e4 e6 2. d4 d5 3. e5 c5 4. c3 cxd4 5. cxd4 Bb4+ 6. Bd2 Bxd2+ 7. Qxd2 Nc6 8. Nc3 a6 9. Nf3 Nge7 10. Be2 Nf5 11. 0-0 h5 12. Rac1 Rg8 13. Ng5 Nfxd4 14. Bxh5 g6 15. Qf4 Nf5 16. Be2 Qc7 17. Nh7 Qxe5 18. Qxe5 Nxe5 19. Nf6+ Kf8 20. Nxg8 Kxg8 21. Na4 Bd7 22. Nb6 Rd8 23. Rc7 Bc6 24. f4 Nd7 25. Nxd7 Rxd7 26. Rxd7 Bxd7 27. Rc1 Bc6 28. Bxa6 d4 29. Bd3 Ne3 30. g3 Kg7 31. b4 f6 32. b5 Bd5 33. Rc7+ Kh6 34. a4 e5 35. fxe5 fxe5 36. Re7 Bc4 37. Bxc4 Nxc4 38. a5 Nxa5 39. Rxe5 Nb3 40. Rd5 Nd2 41. Kf2 Ne4+ 42. Ke1 Nc3 43. Re5 g5 44. Kd2 Kg6 45. Kd3 Kf6 46. Kxd4 b6 47. Rxg5 1-0

[Event "Kiel op 35th"]
[Site "Kiel"]
[Date "2023.08.04"]
[Round "9"]
[White "Basey, Matthew"]
[Black "Hubert, Charlotte"]
[Result "1-0"]
[WhiteElo "2002"]
[BlackElo "1897"]
[PlyCount "77"]
[EventDate "2023.07.29"]
[EventType "swiss"]
[EventRounds "9"]
[EventCountry "GER"]
[SourceTitle "CBM 215 Extra"]
[Source "ChessBase"]
[SourceDate "2023.09.30"]
[SourceVersion "1"]
[SourceVersionDate "2023.09.30"]
[SourceQuality "1"]

1. d4 Nf6 2. Nf3 e6 3. c4 d5 4. cxd5 exd5 5. Nc3 c6 6. Qc2 g6 7. Bg5 Be7 8. Bxf6 Bxf6 9. e3 Bf5 10. Bd3 Bxd3 11. Qxd3 0-0 12. h4 Nd7 13. h5 Re8 14. 0-0-0 b5 15. Kb1 Qa5 16. hxg6 fxg6 17. Ne2 Nf8 18. Nf4 Rac8 19. Rh3 Qc7 20. Rdh1 Re7 21. Rg3 Rg7 22. Rgh3 Qd7 23. Rh6 a5 24. Nh5 Rf7 25. Nxf6+ Rxf6 26. Ne5 Qf5 27. Qxf5 Rxf5 28. f4 Rc7 29. g4 Rf6 30. g5 Rf5 31. Rc1 Rxe5 32. dxe5 Kf7 33. f5 gxf5 34. Rf1 Kg7 35. Rf6 Nd7 36. R6xf5 Nc5 37. Rc1 Ne4 38. e6 Nd6 39. Rxd5 1-0

[Event "GER-ch U16 Girls"]
[Site "Willingen"]
[Date "2023.05.30"]
[Round "4"]
[White "Braeutigam, Katerina"]
[Black "Hubert, Charlotte"]
[Result "0-1"]
[WhiteElo "1956"]
[BlackElo "1842"]
[PlyCount "66"]
[EventDate "2023.05.27"]
[EventType "swiss"]
[EventRounds "9"]
[EventCountry "GER"]
[SourceTitle "CBM 214 Extra"]
[Source "ChessBase"]
[SourceDate "2023.07.31"]
[SourceVersion "1"]
[SourceVersionDate "2023.07.31"]
[SourceQuality "1"]

1. e4 c5 2. Nc3 d6 3. g3 Nc6 4. Bg2 g6 5. d3 Bg7 6. f4 e6 7. Nf3 Nge7 8. 0-0 0-0 9. Be3 Rb8 10. a4 a6 11. d4 d5 12. exd5 exd5 13. Bf2 Qb6 14. Rb1 cxd4 15. Ne2 Nf5 16. c3 Ne3 17. Bxe3 dxe3 18. Nfd4 Nxd4 19. Nxd4 Bf5 20. a5 Qc5 21. Rc1 Rfe8 22. Re1 Rbc8 23. b4 Qa7 24. Bxd5 e2 25. Qb3 Bxd4+ 26. Kg2 Bf6 27. Bxf7+ Kg7 28. Bxe8 Rxe8 29. Qc4 Be4+ 30. Kh3 Qf2 31. Rg1 Bf5+ 32. g4 Qh4+ 33. Kg2 Be4+ 0-1

[Event "GER-chT Lands U20"]
[Site "Wiesbaden"]
[Date "2022.10.02"]
[Round "4.7"]
[White "Herrmann, Jakob"]
[Black "Hubert, Charlotte"]
[Result "1/2-1/2"]
[WhiteElo "1888"]
[BlackElo "1671"]
[PlyCount "126"]
[EventDate "2022.09.30"]
[EventType "team-swiss"]
[EventRounds "7"]
[EventCountry "GER"]
[SourceTitle "CBM 210 Extra"]
[Source "ChessBase"]
[SourceDate "2022.11.30"]
[SourceVersion "1"]
[SourceVersionDate "2022.11.30"]
[SourceQuality "1"]
[WhiteTeam "Mecklenburg Vorpommern U20"]
[BlackTeam "Hamburg U20"]
[WhiteTeamCountry "GER"]
[BlackTeamCountry "GER"]

1. e4 c5 2. Ne2 Nf6 3. Nbc3 d5 4. exd5 Nxd5 5. d4 Nxc3 6. bxc3 g6 7. Ba3 Nd7 8. Qd2 Bg7 9. g3 0-0 10. Bg2 Qa5 11. Bb2 Nb6 12. Bc1 Rd8 13. 0-0 Bg4 14. Re1 Rac8 15. Bxb7 Rc7 16. Qf4 Rxb7 17. Qxg4 cxd4 18. Rd1 Rc7 19. Bf4 Rc4 20. cxd4 Rxc2 21. Rac1 Rdc8 22. Bd2 Qxa2 23. Nc3 Qb3 24. Rb1 Qc4 25. Nb5 Qa4 26. Qg5 Bf6 27. Qe3 Nc4 28. Qe2 Nxd2 29. Rxd2 Rxd2 30. Qxd2 a6 31. Nc3 Qxd4 32. Qxd4 Bxd4 33. Ne2 Bf6 34. Rb6 Rc2 35. Kf1 Ra2 36. h4 a5 37. Ra6 h5 38. Ke1 Kg7 39. Kf1 Kh6 40. Ra7 Ra1+ 41. Kg2 Ra2 42. Kf3 g5 43. hxg5+ Kxg5 44. Rc7 a4 45. Nf4 a3 46. Rc5+ e5 47. Ra5 Bg7 48. Nd3 f6 49. Nf4 Bh6 50. Ke4 Kg4 51. f3+ Kxg3 52. Nxh5+ Kf2 53. Nxf6 Bf4 54. Ng4+ Kg3 55. Ne3 Kf2 56. Ng4+ Kg3 57. Ne3 Ra1 58. Nc2 Rc1 59. Nxa3 Rc3 60. Ra4 Re3+ 61. Kf5 Kxf3 62. Nc4 Re2 63. Nd6 Rd2 1/2-1/2

[Event "GER-chT Lands U20"]
[Site "Wiesbaden"]
[Date "2022.10.02"]
[Round "3.3"]
[White "Hubert, Charlotte"]
[Black "Hagner, Bennet"]
[Result "0-1"]
[WhiteElo "1671"]
[BlackElo "2253"]
[PlyCount "80"]
[EventDate "2022.09.30"]
[EventType "team-swiss"]
[EventRounds "7"]
[EventCountry "GER"]
[SourceTitle "CBM 210 Extra"]
[Source "ChessBase"]
[SourceDate "2022.11.30"]
[SourceVersion "1"]
[SourceVersionDate "2022.11.30"]
[SourceQuality "1"]
[WhiteTeam "Hamburg U20"]
[BlackTeam "Hessen U20"]
[WhiteTeamCountry "GER"]
[BlackTeamCountry "GER"]

1. e4 e5 2. Nf3 Nc6 3. Bb5 a6 4. Ba4 d6 5. d4 Bd7 6. c3 g6 7. 0-0 Bg7 8. Be3 Nf6 9. Bc2 0-0 10. h3 exd4 11. Nxd4 Qe7 12. Nd2 Rae8 13. Re1 Qd8 14. c4 b6 15. f3 Nh5 16. Nxc6 Bxc6 17. Rb1 f5 18. Ba4 Bxa4 19. Qxa4 Qh4 20. Qb3 Kh8 21. Bf2 Qg5 22. Be3 Nf4 23. Bxf4 Qxf4 24. Qd3 h5 25. Nf1 Qh4 26. Re2 fxe4 27. Rxe4 Rxe4 28. Qxe4 Bd4+ 29. Kh1 Qxe4 30. fxe4 Rf2 31. Rd1 Bxb2 32. Ne3 Be5 33. a3 Ra2 34. Nd5 Rxa3 35. Nxc7 a5 36. Nb5 Ra1 37. Rxa1 Bxa1 38. Nxd6 a4 39. c5 bxc5 40. Nc4 Bb2 0-1

[Event "GER-ch U16 Girls"]
[Site "Willingen"]
[Date "2022.06.09"]
[Round "7"]
[White "Pohle, Saskia"]
[Black "Hubert, Charlotte"]
[Result "1-0"]
[WhiteElo "1827"]
[BlackElo "1651"]
[PlyCount "101"]
[EventDate "2022.06.04"]
[EventType "swiss"]
[EventRounds "9"]
[EventCountry "GER"]
[SourceTitle "CBM 208 Extra"]
[Source "ChessBase"]
[SourceDate "2022.07.31"]
[SourceVersion "1"]
[SourceVersionDate "2022.07.31"]
[SourceQuality "1"]

1. e4 c5 2. Nf3 d6 3. c3 Nf6 4. Bc4 e6 5. d3 Nc6 6. Bb3 Be7 7. 0-0 0-0 8. Re1 a6 9. Nbd2 b5 10. Nf1 Bb7 11. Ng3 Qc7 12. Bf4 a5 13. a4 b4 14. Qd2 Rab8 15. Bc4 Ne5 16. Nxe5 dxe5 17. Bg5 h6 18. Bxh6 gxh6 19. Qxh6 Rfc8 20. Nf5 exf5 21. Re3 Bd8 22. Rh3 Nh7 23. Qxh7+ Kf8 24. Rg3 Qd7 25. Rg8+ Ke7 26. Qxf7+ Kd6 27. Rg6+ Kc7 28. Qxd7+ Kxd7 29. Be6+ Ke7 30. Bxc8 Bxc8 31. c4 b3 32. Rc6 Bb6 33. Ra3 Bd7 34. Rh6 Bc7 35. f3 fxe4 36. fxe4 Bg4 37. Kf2 Bd1 38. Ra1 Bc2 39. Ke2 Rd8 40. Rh7+ Kd6 41. Rf1 Kc6 42. Rf3 Rd6 43. g4 Rg6 44. Rg3 Bd8 45. h4 Kd6 46. g5 Ke6 47. Rh6 Kf7 48. Rxg6 Kxg6 49. h5+ Kg7 50. h6+ Kg6 51. Rh3 1-0

[Event "BL2 West 2122 (Women)"]
[Site "Germany"]
[Date "2022.02.20"]
[Round "3.2"]
[White "Hubert, Charlotte"]
[Black "Moeller, Hannah Sophie"]
[Result "0-1"]
[WhiteElo "1666"]
[BlackElo "1819"]
[PlyCount "66"]
[EventDate "2021.11.27"]
[EventType "team-tourn"]
[EventRounds "7"]
[EventCountry "GER"]
[SourceTitle "EXT 2023"]
[Source "ChessBase"]
[SourceDate "2022.10.05"]
[SourceVersion "1"]
[SourceVersionDate "2022.10.05"]
[SourceQuality "1"]
[WhiteTeam "Hamburger SK (W) II"]
[BlackTeam "Delmenhorst (W)"]
[WhiteTeamCountry "GER"]
[BlackTeamCountry "GER"]

1. d4 Nf6 2. c4 g6 3. Nc3 Bg7 4. e4 d6 5. Nf3 Nbd7 6. Be2 0-0 7. 0-0 e5 8. Be3 Ng4 9. Bg5 f6 10. Bc1 Nh6 11. Re1 c6 12. a3 f5 13. exf5 Nxf5 14. dxe5 Nxe5 15. Ng5 h6 16. Nge4 Nd4 17. f4 Nxe2+ 18. Nxe2 Nxc4 19. N4c3 d5 20. b3 Qb6+ 21. Kh1 Nd6 22. Bd2 Ne4 23. Nxe4 Bxa1 24. Qxa1 dxe4 25. Nd4 c5 26. Nc2 Qxb3 27. Qe5 Qe6 28. Qxc5 Qf5 29. Qd4 Qf6 30. Qxe4 Bf5 31. Qc4+ Qf7 32. Qb4 Bxc2 33. Re7 Qb3 0-1

[Event "EU-ch Hybrid U14 Girls"]
[Site "Tornelo INT"]
[Date "2021.10.15"]
[Round "4"]
[White "Gvatua, Mariam"]
[Black "Hubert, Charlotte"]
[Result "1-0"]
[WhiteElo "1407"]
[BlackElo "1696"]
[PlyCount "85"]
[EventDate "2021.10.15"]
[EventType "swiss"]
[EventRounds "9"]
[EventCountry "NET"]
[SourceTitle "EXT 2023"]
[Source "ChessBase"]
[SourceDate "2022.10.05"]
[SourceVersion "1"]
[SourceVersionDate "2022.10.05"]
[SourceQuality "1"]
[WhiteTeam "Georgia"]
[BlackTeam "Germany"]
[WhiteTeamCountry "GEO"]
[BlackTeamCountry "GER"]

1. d4 d5 2. Nf3 Bf5 3. c4 e6 4. Nc3 Nf6 5. Bg5 Be7 6. e3 c6 7. Bd3 Bxd3 8. Qxd3 Nbd7 9. 0-0 0-0 10. Bxf6 Nxf6 11. e4 dxe4 12. Nxe4 Qb6 13. b3 Rfd8 14. Rad1 a5 15. Qe3 a4 16. c5 Qb4 17. Rb1 Ra7 18. Rfd1 axb3 19. Rxb3 Qa4 20. Nc3 Qa5 21. Rdb1 Qc7 22. Ne5 Nd5 23. Nxd5 Rxd5 24. Nd3 Bf6 25. Rb4 Qd7 26. Qg3 e5 27. Re1 Rxa2 28. Nxe5 Bxe5 29. dxe5 Rd1 30. Rb1 Rad2 31. h3 Rxb1 32. Rxb1 Rd1+ 33. Rxd1 Qxd1+ 34. Kh2 Qd8 35. Qg4 Qe8 36. f4 Qe6 37. Qxe6 fxe6 38. Kg3 Kf7 39. Kf3 Ke7 40. g4 g6 41. Ke4 Kf7 42. f5 Ke7 43. f6+ 1-0

[Event "EU-ch Hybrid U14 Girls"]
[Site "Tornelo INT"]
[Date "2021.10.15"]
[Round "9"]
[White "Hubert, Charlotte"]
[Black "Havelkova, Beata"]
[Result "0-1"]
[WhiteElo "1696"]
[BlackElo "1558"]
[PlyCount "94"]
[EventDate "2021.10.15"]
[EventType "swiss"]
[EventRounds "9"]
[EventCountry "NET"]
[SourceTitle "EXT 2023"]
[Source "ChessBase"]
[SourceDate "2022.10.05"]
[SourceVersion "1"]
[SourceVersionDate "2022.10.05"]
[SourceQuality "1"]
[WhiteTeam "Germany"]
[BlackTeam "Czech Republic"]
[WhiteTeamCountry "GER"]
[BlackTeamCountry "CZE"]

1. e4 c5 2. Nf3 e6 3. d4 cxd4 4. Nxd4 Nc6 5. Nb5 d6 6. c4 Nf6 7. N1c3 a6 8. Na3 Be7 9. Be3 0-0 10. Be2 b6 11. 0-0 Bb7 12. f4 Qc7 13. Rc1 Rfd8 14. Bf3 Rac8 15. Qe2 Nd7 16. Nc2 Bf6 17. Qd2 Na5 18. b3 b5 19. Rfd1 bxc4 20. b4 Nc6 21. Na4 Be7 22. Qc3 Ncb8 23. Na3 d5 24. exd5 Bxd5 25. Bxd5 exd5 26. Rxd5 Qb7 27. Rd4 Bf6 28. Nxc4 Bxd4 29. Bxd4 f6 30. Qb3 Qd5 31. Bf2 Rc6 32. Nab2 Rdc8 33. Rd1 Qf7 34. Rd4 Nb6 35. Nxb6 Qxb3 36. axb3 Rxb6 37. Rd8+ Rxd8 38. Bxb6 Re8 39. Nd3 Kf7 40. Nc5 Ke7 41. Kf2 Kd6 42. Na4 Kc6 43. Bd4 Re4 44. Bc5 Nd7 45. Kf3 Nxc5 46. bxc5 Rb4 47. Ke3 Rxb3+ 0-1

[Event "EU-ch Hybrid U14 Girls"]
[Site "Tornelo INT"]
[Date "2021.10.15"]
[Round "3"]
[White "Mihalea, Maria Ioana"]
[Black "Hubert, Charlotte"]
[Result "1/2-1/2"]
[WhiteElo "1421"]
[BlackElo "1696"]
[PlyCount "66"]
[EventDate "2021.10.15"]
[EventType "swiss"]
[EventRounds "9"]
[EventCountry "NET"]
[SourceTitle "EXT 2023"]
[Source "ChessBase"]
[SourceDate "2022.10.05"]
[SourceVersion "1"]
[SourceVersionDate "2022.10.05"]
[SourceQuality "1"]
[WhiteTeam "Romania"]
[BlackTeam "Germany"]
[WhiteTeamCountry "ROU"]
[BlackTeamCountry "GER"]

1. e4 c5 2. Nc3 d6 3. f4 g6 4. Nf3 Bg7 5. Bc4 Nc6 6. Bb5 e6 7. Bxc6+ bxc6 8. d3 d5 9. 0-0 Nf6 10. Qe1 0-0 11. h3 Nd7 12. g4 d4 13. Ne2 f5 14. e5 a5 15. Bd2 a4 16. Qg3 Nb6 17. h4 Qe8 18. Kg2 Rf7 19. Rh1 Bf8 20. Kf2 Rg7 21. g5 Raa7 22. Qg2 Rad7 23. Ng3 c4 24. h5 cxd3 25. cxd3 c5 26. hxg6 hxg6 27. Rh3 Rh7 28. Rah1 Rdg7 29. Qh2 Qf7 30. Rh6 Bb7 31. Ba5 Nd5 32. Bd2 Nb6 33. Rg1 Bc6 1/2-1/2

[Event "GER-chT Lands U20"]
[Site "Neumuenster"]
[Date "2021.10.04"]
[Round "5.6"]
[White "Hubert, Charlotte"]
[Black "Schwartz, Oliver"]
[Result "1/2-1/2"]
[WhiteElo "1696"]
[BlackElo "1761"]
[PlyCount "78"]
[EventDate "2021.10.01"]
[EventType "team-swiss"]
[EventRounds "7"]
[EventCountry "GER"]
[SourceTitle "CBM 204 Extra"]
[Source "ChessBase"]
[SourceDate "2021.11.30"]
[SourceVersion "1"]
[SourceVersionDate "2021.11.30"]
[SourceQuality "1"]
[WhiteTeam "Hamburg"]
[BlackTeam "Wuerttemberg"]
[WhiteTeamCountry "GER"]
[BlackTeamCountry "GER"]

1. e4 c5 2. Nf3 d6 3. d4 cxd4 4. Nxd4 Nf6 5. Nc3 g6 6. Be3 Bg7 7. f3 0-0 8. Qd2 Nc6 9. Bc4 Bd7 10. 0-0-0 Rc8 11. Bb3 Nxd4 12. Bxd4 b5 13. g4 a5 14. a4 bxa4 15. Nxa4 Bxa4 16. Bxa4 Rc4 17. Bb3 Nxe4 18. Qe2 Rxd4 19. Rxd4 Bxd4 20. Qxe4 Bf6 21. h4 Qb6 22. h5 Rc8 23. Kb1 Qd4 24. Qxd4 Bxd4 25. hxg6 hxg6 26. Rd1 Bc5 27. Re1 e5 28. Re4 Kg7 29. Ra4 Ra8 30. Bd5 Ra7 31. c3 f5 32. gxf5 gxf5 33. b4 axb4 34. Rxa7+ Bxa7 35. cxb4 Kf6 36. Kc2 Kg5 37. Kd3 Kf4 38. Bc6 Bb6 39. Bd5 Ba7 1/2-1/2

[Event "GER-chT U14 Girls"]
[Site "Willingen"]
[Date "2021.06.26"]
[Round "6.7"]
[White "Hubert, Charlotte"]
[Black "Kanno, Clara Yumi"]
[Result "1-0"]
[WhiteElo "1549"]
[BlackElo "1093"]
[PlyCount "75"]
[EventDate "2021.06.23"]
[EventType "team-swiss"]
[EventRounds "7"]
[EventCountry "GER"]
[SourceTitle "EXT 2022"]
[Source "ChessBase"]
[SourceDate "2021.10.06"]
[SourceVersion "1"]
[SourceVersionDate "2021.10.06"]
[SourceQuality "1"]
[WhiteTeam "Hamburger SK"]
[BlackTeam "Essen Werden"]
[WhiteTeamCountry "GER"]
[BlackTeamCountry "GER"]

1. e4 c5 2. Nf3 a6 3. c4 Nf6 4. Nc3 d6 5. d4 cxd4 6. Nxd4 e6 7. Be3 b6 8. Be2 Bb7 9. f3 Be7 10. 0-0 0-0 11. Qd2 Qc7 12. Rac1 Nc6 13. Nd5 exd5 14. cxd5 Qd8 15. dxc6 Bc8 16. a4 d5 17. e5 Ne8 18. f4 a5 19. Bd3 Bc5 20. Nb5 d4 21. Bf2 Be6 22. Be4 Rc8 23. Bxd4 Bb3 24. Qe3 Bxd4 25. Qxd4 Qxd4+ 26. Nxd4 Bxa4 27. b3 Rd8 28. Rfd1 Bxc6 29. Nxc6 Rxd1+ 30. Rxd1 Nc7 31. Rd7 Nb5 32. Ne7+ Kh8 33. Nd5 g6 34. Nxb6 Nc3 35. Bf3 Kg8 36. Ra7 Rb8 37. Ra8 Rxa8 38. Nxa8 1-0